000
00290nam a22001337a 4500
008
170522b xxu||||| |||| 00| 0 eng d
020
_a
0813323614
041
_a
eng
080
_a
94(7/8)
100
_a
16
101
_a
SHH
245
_a
AFRICAN WOMEN
_c
VIDROVITCH, C.C
942
_2
udc
_c
BK
999
_c
13794
_d
13794